000 00747nam a2200253Ia 4500
003 OSt
005 20220918222401.0
006 a|||||r|||| 00| 0
007 ta
008 220917b |||||||| |||| 00| 0 eng d
024 _a216,751
037 _cTextual
040 _aARTS
_cARTS
_beng
041 _2eng
_aeng
082 _aP:291:(T:3), P1
100 _aBreen Michael P Ed.
_9143045
245 0 _aLearner contributions to language learning
_b new directions in research
260 _aEngland
_bPearson Education
_c2001
300 _axxii, 218p
_ccm.
490 _aApplied linguistics & language study
650 _aLINGUISTICS
942 _hP:291:(T:3), P1
_cTEXL
_2CC
999 _c275417
_d275417